Očekávaný vývoj směnného kursu a s tím spojená rizika.
Orientačný prehľad vývoja národného hospodárstva pri zavedení vnútornej vymeniteľnosti koruny, pri devalvácii na 24 Kčs za 1 USD a pri alternatíve výraznejšieho poklesu trhového kurzu koruny na uvažovanú hranicu 36 Kčs za 1 USD. Dopad na vývoj cenových indexov produkcie a na vývoj obchodnej bilancie...
Salvato in:
| Autore principale: | |
|---|---|
| Altri autori: | |
| Natura: | Capitolo di libro |
| Lingua: | ceco |
| Soggetti: | |
| Tags: |
Nessun Tag, puoi essere il primo ad aggiungerne!!
|
MARC
| LEADER | 00000naa a2200000 4500 | ||
|---|---|---|---|
| 001 | r003421 | ||
| 005 | 20220928112825.3 | ||
| 041 | 0 | |a cze | |
| 044 | |a [CS] | ||
| 245 | 1 | 0 | |a Očekávaný vývoj směnného kursu a s tím spojená rizika. |c J. Mervart, Marie Vavrejnová |
| 520 | |a Orientačný prehľad vývoja národného hospodárstva pri zavedení vnútornej vymeniteľnosti koruny, pri devalvácii na 24 Kčs za 1 USD a pri alternatíve výraznejšieho poklesu trhového kurzu koruny na uvažovanú hranicu 36 Kčs za 1 USD. Dopad na vývoj cenových indexov produkcie a na vývoj obchodnej bilancie a miery inflácie. Dôsledky náročnejších podmienok na strategické rozhodovanie podnikovej sféry. | ||
| 610 | 2 | 0 | |a kurz výmenný |
| 610 | 2 | 0 | |a riziko |
| 610 | 2 | 0 | |a devalvácia |
| 610 | 2 | 0 | |a koruna |
| 610 | 2 | 0 | |a ČSFR |
| 610 | 2 | 0 | |a indexy cenové |
| 610 | 2 | 0 | |a bilancia obchodná |
| 610 | 2 | 0 | |a inflácia |
| 610 | 2 | 0 | |a stratégia podniková |
| 610 | 2 | 0 | |a rozhodovanie |
| 100 | 1 | |a Mervart, J. | |
| 700 | 1 | |a Vavrejnová, Marie | |